Materská škola v Miloslavove

Saved in:
Bibliographic Details
Main Author: Kašiarová, Anežka (Author)
Other Authors: Ruhig, Roman (Thesis advisor)
Format: Manuscript Book
Language:Slovak
Published: 2021
Subjects:
Online Access:http://is.stuba.sk/zp/portal_zp.pl?podrobnosti=143421
https://opac.crzp.sk/?fn=detailBiblioForm&sid=C3156EBF8AB965AD232DDAC699AC
Tags: Add Tag
No Tags, Be the first to tag this record!

MARC

LEADER 00000ntm a22000003a 4500
001 stuzp83981
003 SK-STU
005 20230515073842.4
007 ta
008 150427s2015----xo-----f-mn---000-0-slo-d
040 |a STU  |b slo 
041 0 |a slo 
100 1 |a Kašiarová, Anežka  |u 010310  |4 aut  |U SvF Stavebná fakulta  |T SvF Katedra architektúry  |X 92909  |U V181|V310  |Y 19  |7 92909 
242 0 1 |a Kindergarten in Miloslavov  |y eng 
245 1 0 |a Materská škola v Miloslavove 
260 |c 2021 
650 4 |a rozvoj  |2 slo 
650 4 |a Miloslavov  |2 slo 
650 4 |a škola  |2 slo 
650 4 |a deti  |2 slo 
650 4 |a children  |2 eng 
650 4 |a progress  |2 eng 
650 4 |a Miloslavov  |2 eng 
650 4 |a school  |2 eng 
700 1 |a Ruhig, Roman  |u 010310  |k Z1  |4 ths  |U SvF Stavebná fakulta  |T SvF Katedra architektúry  |X 7452  |U V181|V310  |Y 19  |7 A000007452 
856 4 |u http://is.stuba.sk/zp/portal_zp.pl?podrobnosti=143421 
856 4 |u https://opac.crzp.sk/?fn=detailBiblioForm&sid=C3156EBF8AB965AD232DDAC699AC